Tlačené funkčné vrstvy pre farbivom senzibilizované a perovskitové solárne články

Na minha lista:
Detalhes bibliográficos
Autor principal: Gemeiner, Pavol (Author)
Outros Autores: (Thesis advisor)
Formato: Manuscrito Livro
Idioma:eslovaco
Publicado em: 2024
Assuntos:
Acesso em linha:http://is.stuba.sk/zp/portal_zp.pl?podrobnosti_zp=100949
Tags: Adicionar Tag
Sem tags, seja o primeiro a adicionar uma tag!

MARC

LEADER 00000ntm a22000003a 4500
001 stuzp100949
003 SK-STU
005 20250111210339.8
007 ta
008 150427s2015----xo-----f-mn---000-0-slo-d
040 |a STU  |b slo 
041 0 |a slo 
100 1 |a Gemeiner, Pavol  |u 040906  |k Z1  |4 aut  |U FCHPT Dekanát  |T FCHPT Projektové stredisko  |X 16629  |U 040906  |Y 693  |7 A000016629 
242 0 1 |a Printed functional layers for dye-sensitized a perovskite solar cells  |y eng 
245 1 0 |a Tlačené funkčné vrstvy pre farbivom senzibilizované a perovskitové solárne články 
260 |c 2024 
650 4 |a vodivé polyméry  |2 slo 
650 4 |a tlačové disperzie  |2 slo 
650 4 |a tlačené solárne články  |2 slo 
650 4 |a perovskity  |2 slo 
650 4 |a oxidy kovov  |2 slo 
650 4 |a uhlíkové materiály  |2 slo 
650 4 |a tlačené elektródy  |2 slo 
650 4 |a printed solar cell  |2 eng 
650 4 |a printing dispersions  |2 eng 
650 4 |a conducting polymers  |2 eng 
650 4 |a perovskites  |2 eng 
650 4 |a metal oxides  |2 eng 
650 4 |a carbon materials  |2 eng 
650 4 |a printed electrodes  |2 eng 
700 1 |a ,  |4 ths  |X null  |7 null 
856 4 |u http://is.stuba.sk/zp/portal_zp.pl?podrobnosti_zp=100949